Statistiques concernant Top 15 des pays avec les décès de Covid-19 - 7 avr 2021

Cliquez ici pour prendre le quiz!

Statistiques générales

  • Ce quiz a été pris 21 fois
  • Le résultat moyen est 16 sur 24

Statistiques - réponses

pays% Correct
Allemagne
100%
Brésil
100%
Espagne
100%
Etats-Unis
100%
France
100%
Italie
100%
Royaume-Uni
100%
Russie
90%
Argentine
85%
Inde
85%
Mexique
85%
Belgique
75%
Pologne
75%
Portugal
70%
Iran
65%
Colombie
55%
Pérou
50%
Slovaquie
30%
Slovénie
30%
Tchèquie
30%
Hongrie
25%
Bulgarie
20%
Bosnie-Herzégovine
15%
Macédoine du Nord
10%

Distribution des résultats

Percentile par nombre de réponses

% des personnes avec chaque résultat

Votre développement - résultats

Vous n’avez pas pris ce quiz